书目信息 |
| 题名: |
亲爱的安德烈
|
|
| 作者: | 龙应台 , 安德列 著 | |
| 分册: | ||
| 出版信息: | 桂林 广西师范大学出版社 2013.3 |
|
| 页数: | 267页 | |
| 开本: | 23cm | |
| 丛书名: | 人生三书 | |
| 单 册: | ||
| 中图分类: | I267.5 | |
| 科图分类: | ||
| 主题词: | 书信集--shu xin ji--中国--当代 , 中国--zhong guo | |
| 电子资源: | ||
| ISBN: | 978-7-5495-6412-5 | |
| 000 | 01218nam0 22003371 450 | |
| 001 | 0102164858 | |
| 005 | 20170502164858.0 | |
| 010 | @a978-7-5495-6412-5@dCNY36.00 | |
| 100 | @a20150709d2013 em y0chiy50 ea | |
| 101 | 0 | @achi |
| 102 | @aCN@b450000 | |
| 105 | @aa z 000ey | |
| 106 | @ar | |
| 200 | 1 | @a亲爱的安德烈@9qin ai de an de lie@e两代共读的36封家书@f龙应台, 安德列合著 |
| 205 | @a第2版 | |
| 210 | @a桂林@c广西师范大学出版社@d2013.3 | |
| 215 | @a267页@c图@d23cm | |
| 225 | 2 | @a人生三书@9ren sheng san shu@h二 |
| 300 | @a理想国 | |
| 312 | @a副题名取自封面 | |
| 314 | @a龙应台 (1952-),生于台湾,龙应台“人生三书”《孩子你慢慢来》、《亲爱的安德烈》、《目送》,是这堂“人生课”中的三本“作业”。 | |
| 314 | @a安德列 (Andreas Walther) (1985-),生于台湾,与首版《野火集》同龄,8个月大后移居瑞士及德国。 | |
| 461 | 0 | @12001 @a人生三书@h二 |
| 517 | 1 | @a两代共读的36封家书@9liang dai gong du de 36feng jia shu |
| 606 | 0 | @a书信集@9shu xin ji@y中国@z当代 |
| 606 | 0 | @a中国@9zhong guo |
| 690 | @aI267.5@v5 | |
| 701 | 0 | @a龙应台@9long ying tai@4著 |
| 701 | 1 | @a安德列@9an de lie@g(Andreas, Walther),@f1985-@4著 |
| 801 | 0 | @aCN@b百万庄@c20170308 |
| 905 | @b1002208-13@dI267.5@e1860=2@f6 | |
| 亲爱的安德烈:两代共读的36封家书/龙应台, 安德列合著.-第2版.-桂林:广西师范大学出版社,2013.3 |
| 267页:图;23cm.-(人生三书.二) |
| 理想国 |
| ISBN 978-7-5495-6412-5:CNY36.00 |
| ● |
| 相关链接 |
|
|
|
|
正题名:亲爱的安德烈
索取号:I267.5/1860=2
 
预约/预借
| 序号 | 登录号 | 条形码 | 馆藏地/架位号 | 状态 | 备注 |
| 1 | 0896115 | 208961159 | 第一样本阅览室/ [索取号:I267.5/1860=2] | 在馆 | |
| 2 | 0896116 | 208961168 | 教育系资料室/ [索取号:I267.5/1860=2] | 在馆 | |
| 3 | 0896117 | 208961177 | 第二借阅区/ [索取号:I267.5/1860=2] | 在馆 | |
| 4 | 0896118 | 208961186 | 第二借阅区/ [索取号:I267.5/1860=2] | 在馆 | |
| 5 | 0896119 | 208961195 | 教育系资料室/ [索取号:I267.5/1860=2] | 在馆 | |
| 6 | 1002208 | 210022081 | 第二借阅区/ [索取号:I267.5/1860=2] | 在馆 | |
| 7 | 1002209 | 210022090 | 教育系资料室/ [索取号:I267.5/1860=2] | 在馆 | |
| 8 | 1002210 | 210022107 | 教育系资料室/ [索取号:I267.5/1860=2] | 在馆 | |
| 9 | 1002211 | 210022116 | 教育系资料室/ [索取号:I267.5/1860=2] | 在馆 | |
| 10 | 1002212 | 210022125 | 第二借阅区/ [索取号:I267.5/1860=2] | 在馆 | |
| 11 | 1002213 | 210022134 | 第二借阅区/ [索取号:I267.5/1860=2] | 在馆 |